| 000 | 00708nam a22001817a 4500 | ||
|---|---|---|---|
| 003 | OSt | ||
| 005 | 20260318130143.0 | ||
| 008 | 260318b |||||||| |||| 00| 0 eng d | ||
| 040 | _c1 | ||
| 082 | _aDPer 372.21 C437 January-December 2024 v. 100 n. 1-6 | ||
| 100 |
_aYu, Seongryeong _eauthor. _969982 |
||
| 245 |
_aVisualizing Identity and Belonging : _bA Mapping Activity / _cSeongryeong Yu |
||
| 260 |
_aWashington, D.C., USA. _bRoutledge Taylor & Francis Group _cMarch-April 2024 |
||
| 300 |
_aVolume 100, pages 52-57 ; _bIllustration ; _c27 cm. |
||
| 500 | _aChildhood Education Innovations, volume 100, no. 3, pages 58-65 , May-June 2024. | ||
| 700 |
_aYu, Seongryeong _eauthor. _969982 |
||
| 942 |
_2ddc _cPER |
||
| 999 |
_c24417 _d24417 |
||